[Event "San Francisco TNM Winter op"]
[Site "San Francisco"]
[Date "2006.01.17"]
[Round "2"]
[White "Karnad, Josh"]
[Black "Shankland, Samuel L"]
[Result "0-1"]
[WhiteElo "1800"]
[BlackElo "2012"]
[PlyCount "46"]
[EventDate "2006.01.10"]
[EventType "swiss"]
[EventRounds "7"]
[EventCountry "USA"]
[SourceTitle "EXT 2007"]
[Source "ChessBase"]
[SourceDate "2006.11.23"]
[SourceVersion "1"]
[SourceVersionDate "2006.11.23"]
[SourceQuality "1"]

1. e4 c5 2. Nc3 Nc6 3. g3 g6 4. Bg2 Bg7 5. d3 d6 6. Be3 Nf6 7. h3 0-0 8. Qd2 Rb8 9. Bh6 Nd4 10. Kd1 b5 11. h4 b4 12. Bxg7 Kxg7 13. Nge2 h5 14. Nxd4 cxd4 15. Ne2 e5 16. Bh3 Bxh3 17. Rxh3 Ng4 18. Ke1 Qf6 19. Nc1 Qf3 20. Kf1 Ne3+ 21. Ke1 Qg2 22. fxe3 Qxh3 23. exd4 f5 0-1

[Event "San Francisco Summer TNM"]
[Site "San Francisco"]
[Date "2005.07.12"]
[Round "5"]
[White "Riese, Kayven"]
[Black "Karnad, Josh"]
[Result "0-1"]
[WhiteElo "1853"]
[BlackElo "1746"]
[PlyCount "79"]
[EventDate "2005.06.14"]
[EventType "swiss"]
[EventRounds "8"]
[EventCountry "USA"]
[SourceTitle "EXT 2007"]
[Source "ChessBase"]
[SourceDate "2006.11.23"]
[SourceVersion "1"]
[SourceVersionDate "2006.11.23"]
[SourceQuality "1"]

1. e4 e6 2. d4 d5 3. Nc3 Nf6 4. e5 Nfd7 5. f4 c5 6. Nf3 Nc6 7. Be3 cxd4 8. Nxd4 Bc5 9. Qd2 a6 10. 0-0-0 Nxd4 11. Bxd4 Bxd4 12. Qxd4 0-0 13. f5 Qg5+ 14. Kb1 Qxf5 15. Bd3 Qxe5 16. Bxh7+ Kxh7 17. Qh4+ Kg8 18. Rhf1 g6 19. Rd3 Nc5 20. Rh3 Qg7 21. Rhf3 f5 22. g4 Ne4 23. Nxe4 dxe4 24. Rc3 Bd7 25. Rd1 Bc6 26. gxf5 exf5 27. Rd6 g5 28. Qh5 Rad8 29. Rg6 Rd1+ 30. Qxd1 Qxg6 31. Qd4 Qf6 32. Qc4+ Kg7 33. b3 f4 34. h4 g4 35. Qb4 f3 36. Rc5 f2 37. Rg5+ Qxg5 38. hxg5 f1Q+ 39. Kb2 Qf5 40. Qd4+ 0-1